| 000 | 00442nam a2200169Ia 4500 | ||
|---|---|---|---|
| 008 | 131103s9999 xx 000 0 und d | ||
| 040 | _aLoreto College | ||
| 041 | _aEnglish | ||
| 082 |
_aMIS/HUX _bLCBED/2426 |
||
| 100 | _aHuxley, Julian | ||
| 245 |
_aMan in the modern World _cJulian Huxley |
||
| 260 |
_aNew York _bThe New American Library _c1951 |
||
| 300 |
_a181p. _c 20cm. |
||
| 650 | _aMis | ||
| 850 | _aLCBED/MIS/HUX | ||
| 942 | _cBK | ||
| 999 |
_c34416 _d84895 |
||